| 000 | 01497nam a2200373 a 4500 | ||
|---|---|---|---|
| 001 | ebr10469779 | ||
| 003 | CaPaEBR | ||
| 006 | m u | ||
| 007 | cr cn||||||||| | ||
| 008 | 100920s2011 njua sbf 001 0 eng d | ||
| 010 | _z 2010039910 | ||
| 020 | _z9780470670149 (hbk.) | ||
| 020 | _z9780470710791 (e-book) | ||
| 020 | _z9780470710784 (e-book) | ||
| 020 | _z9780470976180 (e-book) | ||
| 040 |
_aCaPaEBR _cCaPaEBR |
||
| 035 | _a(OCoLC)695982103 | ||
| 050 | 1 | 4 |
_aHD49 _b.D44 2011eb |
| 082 | 0 | 4 |
_a658.4/056 _222 |
| 245 | 0 | 4 |
_aThe definitive handbook of business continuity management _h[electronic resource] / _cedited by Andrew Hiles. |
| 250 | _a3rd ed. | ||
| 260 |
_aHoboken, N.J. : _bWiley, _cc2011. |
||
| 300 |
_axxxiv, 798 p. : _bill. |
||
| 504 | _aIncludes bibliographical references and index. | ||
| 505 | 0 | _asection 1. Achieving and maintaining business continuity : an executive overview -- section 2. Planning for business continuity : a 'how-to' guide. | |
| 533 |
_aElectronic reproduction. _bPalo Alto, Calif. : _cebrary, _d2013. _nAvailable via World Wide Web. _nAccess may be limited to ebrary affiliated libraries. |
||
| 650 | 0 | _aCrisis management. | |
| 650 | 0 | _aEmergency management. | |
| 650 | 0 | _aBusiness planning. | |
| 655 | 7 |
_aElectronic books. _2local |
|
| 700 | 1 | _aHiles, Andrew. | |
| 710 | 2 | _aebrary, Inc. | |
| 856 | 4 | 0 |
_uhttp://site.ebrary.com/lib/rucke/Doc?id=10469779 _zAn electronic book accessible through the World Wide Web; click to view |
| 999 |
_c114877 _d114877 |
||